Länder nach Änderungen der CO2-Emissionen - Statistiken

Allgemein
  • Dieses Quiz wurde 135 mal gespielt
  • Das Durchschnittsergebnis liegt bei 14 aus 20
Antwortstatistiken
Gain / Loss Land % Änderung % Korrekt
8762 China +236
98%
-212 Deutschland -24
98%
-1252 Vereinigte Staaten -21
97%
-99 Frankreich -24
92%
1653 Indien +166
89%
-168 Japan -13
89%
-138 Italien -30
86%
-82 Spanien -26
86%
269 Russland +16
85%
-216 Vereinigtes Königreich -39
81%
305 Indonesien +102
66%
321 Saudi-Arabien +121
65%
142 Südkorea +29
65%
358 Iran +101
61%
223 Türkei +98
61%
132 Ägypten +103
58%
-171 Ukraine -48
53%
264 Vietnam +468
43%
-43 Griechenland -45
42%
-33 Venezuela -24
16%
Keine übereinstimmenden Quizze gefunden
Verteilung der Resultate
Anzahl Personen mit jedem Resultat
Perzentil nach korrekt beantworteten Fragen
Ihre Resultats-Entwicklung
Sie haben dieses Quiz noch nicht gespielt